| 000 | 01276nac a22003011u 4500 | ||
|---|---|---|---|
| 010 | _a81016449 | ||
| 020 | _a0816610967 (v. 2) : | ||
| 082 | 0 | 0 |
_a305.26 _bM2773 |
| 090 |
_c1713 _d1713 |
||
| 100 | _a20080729 | ||
| 245 | 0 | 0 |
_aResearch instruments in social gerontology / _ceditors, David J. Mangen, Warren A. Peterson, with the assistance of Toshi Kii and Robert Sanders. |
| 260 |
_aMinneapolis, MN : _bUniversity of Minnesota Press, _cc1982-c1984. |
||
| 300 |
_aVol. 2, 557 p. ; _c24 cm. |
||
| 500 | _aDonations | ||
| 500 | _aDonations - Dr. Mostafa Gouda | ||
| 504 | _aIncludes bibliographies and indexes. | ||
| 505 | 0 | _av. 1. Clinical and social psychology -- v. 2. Social roles and social participation -- v. 3. Health, program evaluation, and demography. | |
| 650 | 0 |
_aGerontology _xResearch. |
|
| 650 | 0 |
_aOlder people _xSocial conditions _xResearch. |
|
| 650 | 0 | _aAged. | |
| 650 | 0 |
_aSocial welfare _zUnited States. |
|
| 650 | 0 | _aSociology. | |
| 650 | 0 |
_aHealth services research _zUnited States. |
|
| 700 | 1 | _aMangen, David J. | |
| 700 | 1 |
_aPeterson, Warren A., _d1922- |
|
| 942 |
_cBB _k305.26M2773 |
||
| 999 |
_c1713 _d1713 |
||